ბათუმის შოთა რუსთაველის სახელმწიფო უნივერსიტეტის ბიბლიოთეკა

გეოგრაფია 7 [კლასი] / (ბიბ.ჩანაწერი № 34859)

000 -ლიდერი
ფიქსირებული სიგრძის საკონტროლო ველი 00706nam a2200217Ia 4500
001 - საკონტროლო ნომერი
საკონტროლო ველი 677
003 - საკონტროლო ნომრის იდენტიფიკატორი
საკონტროლო ველი GE_BSU
005 - ბოლო ოპერაციის თარიღი და დრო
საკონტროლო ველი 20210225154247.0
008 - ფიქსირებული სიგრძის მონაცემთა ელემენტები - ზოგადი ინფორმაცია
ფიქსირებული სიგრძის საკონტროლო ველი 181216s2009||||ge |||||||||||||| ||geo||
020 ## - წიგნის საერთაშორისო სტანდარტული ნომერი
International Standard Book Number 9789994064762
040 ## - კატალოგიზაციის წყარო
Transcribing agency GE_BSU
041 ## - ენის კოდი
Language code of text/sound track or separate title geo
080 ## - უნივერსალური ათობითი კლასიფიკაციის ინდექსი
Universal Decimal Classification number 913(075.8) ნ-44
100 ## - მთავარი ჩანაწერი - პიროვნების სახელი
Personal name ნეიძე, ვაჟა
9 (RLIN) 10246
245 ## - ცნობა სათაურის შესახებ
Title გეოგრაფია 7 [კლასი] /
Statement of responsibility, etc ვაჟა ნეიძე.
250 ## - გამოცემის ცნობა
Edition statement მე-2 გადამუშ.გამოც.
264 ## - წარმოების, გამოცემის, დისტრიბუციის და სხვა ცნობები
გამოცემის, წარმოების, დისტრიბუციის... ადგილი თბილისი :
გამოცემის, წარმოების, დისტრიბუციის... სახელწოდება ლოგოს პრესი,
გამოცემის, წარმოების, დისტრიბუციის... თარიღი 2009.
300 ## - ფიზიკური აღწერა
Extent 230 გვ.:
Other physical details ილ., რუკ. ;
Dimensions 27 სმ.
653 ## - INDEX TERM--UNCONTROLLED
Uncontrolled term გეოგრაფია
942 ## - ADDED ENTRY ELEMENTS (KOHA)
Koha item type წიგნი
Source of classification or shelving scheme
ეგზემპლარები
ჩამოწერის სტატუსი დაკარგული ეგზემპლარის სტატუსი კლასიფიკაციის წყარო ან თაროზე გაწყობის სქემა დაზიანების სტატუსი არ გაიცემა მუდმივი მდებარეობა (დაცვის ადგილი) ამჟამინდელი ადგილსამყოფელი თაროზე განთავსების ადგილი შეძენის თარიღი ღირებულება, შესყიდვის ნორმალური ფასი სრული შენახვის შიფრი შტრიხკოდი ბოლო ოპერაციის თარიღი ეგზემპლარის მიმდევრობითი ნომერი (კეტერი?) ფასის ძალაში შესვლის თარიღი ეგზემპლარის სახეობა საჯარო შენიშვნა
          ბათუმის შოთა რუსთაველის სახელმწიფო უნივერსიტეტის მთავარი ბიბლიოთეკა ბათუმის შოთა რუსთაველის სახელმწიფო უნივერსიტეტის მთავარი ბიბლიოთეკა წიგნსაცავი 2018-12-17 10.00 913(075.8) ნ-44 1549 2018-12-17 1549 2018-12-17 წიგნი 10 ლ.